000 00487nam a2200181Ia 4500
001 4590
005 20260306145807.0
008 260306t2013||||xx |||||||||||||| ||spa||
041 _aESP
082 _a327.09
_bT78
100 _aTrazegnies Granda, Fernando de
_eAUT
245 0 _aTestigo presencial:
_blos trabajos y los días en la búsqueda de la paz verdadera
260 _c2013
300 _a726 páginas :
_c24 cm.
650 _aGEN
654 _aCHU
942 _cLIB
_dJUS
_fJUS
_2ddc
_n
999 _c4590
_d4590